1640 1954 1470 1627 1755 1618 1679 1366 1262 1017 1008 1636 1210 1787 1818 1345 1382 1949 1074 1435 1438 1745 1423 1063 1446 1456 1181 1832 1283 1348 1701 1559 1992 1935 1083 1895 1421 1637 1751 1531 1782 1651 1078 1355 1100 1463 1395 1884 1530 1452 1187 1133 1988 1453 1471 1934 1971 1215 1067 1411 1272 1969 1897 1054 1670 1038 1854 1465 1942 1579 1901 1665 1097 1921 1450 1332 1206 1390 1152 1529 1951 1679 1739 1646 1061 1092 1738 1834 1637 1000 1085 1809 1633 1394 1643 1607 1489 1399 1429 BCNSPRNW ULIB Ver.6.0+V

เปลี่ยนเป็นภาษาไทย

Change to English
 แสดงรายละเอียดบรรณานุกรม
  กลับหน้าหลัก

Brief Record : Get Marc (ISO 2709) : E-mail record : QR code < ปิดหน้าต่าง
LEADER : 00000nam 2200000uu 4500
001    13399113513
003     ULIB
008    110627s2550||||th 000 0 tha d
020    9789749450017
090    นว.^bA111ซ ล.1 2550
100 0  Angie Sage
245 00 เซ็ปติมัส ฮีป ปาฏิหาริย์หมายเลขเจ็ด 1 ทายาทราชินี/^cAngie Sage
250    พิมพ์ครั้งที่ 2
260    กรุงเทพฯ :^bนานมีบุ๊คส์,^c2550
300    528 หน้า
710 1  นานมีบุ๊คส์
945    ^p298^l0^i022068
995    ทศพร
999 ^a ใช้งานได้ทุกระบบ
รายการนี้ยังไม่มีแท็ก
คุณยังไม่ได้ล็อกอิน คุณสามารถมีกิจกรรมร่วมกับเว็บไซต์ได้ แต่ต้องล็อกอินก่อน ::
  ล็อกอิน

รายการสื่อสารสนเทศ

ลำดับที่ ประเภท เลขเรียก/บาร์โค้ด สถานที่ สถานะ
1. นวนิยาย
นวนิยาย
นว. A111ซ ล.1 2550 ฉ.1 
  Barcode: 022068
ห้องสมุดวิทยาเขตสวรรค์ประชารักษ์
►นวนิยาย
บนชั้น
  ขอยืม

รายการใกล้เคียง
    ผู้แต่ง [Angie Sage]

BibComment


ยังไม่เคยถูกคอมเมนท์

คอมเมนท์ทรัพยากรรายการนี้
  คอมเมนท์: เซ็ปติมัส ฮีป ปาฏ..


 Copyright 2026. Bcnsprnw @Library